000 00772cam a22002174a 4500
020 _a1585420581
050 0 0 _aRF425
_b.I84 2000
100 1 _aIvker, Robert S.
245 1 0 _aSinus survival :
_bthe holistic medical treatment for sinusitis, allergies, and colds /
_cRobert S. Ivker.
250 _a4th ed., rev. and updated.
260 _aNew York :
_bJeremy P. Tarcher/Putnam,
_c2000.
300 _axii, 380 p. :
500 _a"Published simultaneously in Canada"--T.p. verso.
650 0 _vPopular works.
650 0 _vPopular works.
650 0 _vPopular works.
650 0 _vPopular works.
856 4 2 _uhttp://www.loc.gov/catdir/enhancements/fy1203/00039253-b.html
856 4 2 _uhttp://www.loc.gov/catdir/enhancements/fy1203/00039253-d.html
942 _2lcc
_cGEN
999 _c4125
_d4125